Candidats à la primaire de la gauche (2017) - Statistiques

Statistiques générales
  • Ce quiz a été pris 100 fois
  • Le résultat moyen est 5 sur 7
Statistiques - réponses
Parti politique Candidat % Correct
Parti socialiste Benoît Hamon
95%
Parti socialiste Manuel Valls
93%
Parti socialiste Arnaud Montebourg
83%
Parti socialiste Vincent Peillon
63%
Parti radical de gauche Sylvia Pinel
52%
Parti écologiste François de Rugy
46%
Front démocrate Jean-Luc Bennhamias
33%
Aucun quiz correspondant
Distribution des résultats
% des personnes avec chaque résultat
Percentile par nombre de réponses
Votre historique - résultats
Vous n’avez pas pris ce quiz